Candidatos del centro a la Presidencia del Gobierno de España - Estadísticas

Estadísticas generales
  • Esta prueba ha sido intentada 18 veces
  • La puntuación promedio es 11 de 18
Estadísticas de respuestas
Cita electoral Partido Candidato % Correcto
1977 Unión de Centro Democrático Adolfo Suárez
100%
1979 Unión de Centro Democrático Adolfo Suárez
100%
1986 Centro Democrático y Social Adolfo Suárez
100%
1989 Centro Democrático y Social Adolfo Suárez
100%
2008 Ciudadanos-Partido de la Ciudadanía Albert Rivera
100%
2015 Ciudadanos-Partido de la Ciudadanía Albert Rivera
100%
2016 Ciudadanos-Partido de la Ciudadanía Albert Rivera
100%
2019 (I) Ciudadanos-Partido de la Ciudadanía Albert Rivera
100%
2019 (II) Ciudadanos-Partido de la Ciudadanía Albert Rivera
100%
2008 Unión Progreso y Democracia Rosa Díez
81%
2011 Unión Progreso y Democracia Rosa Díez
81%
2015 Unión Progreso y Democracia Andrés Herzog
19%
1982 Unión de Centro Democrático Landelino Lavilla
19%
2016 Unión Progreso y Democracia Gorka Maneiro
13%
1996 Unión Centrista Fernando García Fructuoso
6%
2000 Unión Centrista-Centro Democrático y Social Mario Conde
6%
1993 Centro Democrático y Social Rafael Calvo Ortega
6%
2004 Centro Democrático y Social Teresa Gómez-Limón
6%
No se encontraron pruebas coincidentes
Distribución de puntuación
Porcentaje de gente con cada puntuación
Porcentaje por número respondido
Historial de tus puntuaciones
No has intentado esta prueba.